000 00725nam a22002537a 4500
001 BR8501381
003 BR-BrBNA
005 20230928092112.0
007 ta
008 230509b bl.||||| |||| 00| 0 por d
040 _aBR-BrBNA
_bpor
_cBiblioteca Nacional de Agricultura
041 _a(Por)
072 _aE10; F00
_b0100
_b/G514
090 _ 0100 BR8501381
110 1 _aBolsa de Cereais de Sao Paulo, SP (Brasil)
_91271
245 1 _aRelatorio. Exercicio 1982/1984 [Bolsa de Cereais de Sao Paulo, Brasil]
260 3 _aSao Paulo, SP (Brasil):
_c1985.
300 _a33 p.
650 _aECONOMIA AGRICOLA
650 _aPRODUCAO VEGETAL
650 _aCEREAL
909 _a202309
_bLucia
_c55
_dLucia Elande
942 _cBK
999 _c37139
_d37139